000 00620nam a22002297a 4500
003 UA-OsUOA
001 95885
007 ta
008 20130312b un ||||| |||| 00| 0 ukr d
100 _aКутузов Е.
090 _a821.161.1
_bК95
942 _cBK
040 _aUA-OsUOA
_brus
_cUA-OsUOA
_dUA-OsUOA
245 _aПраво быть
_bроман
300 _a607 с.
955 _a1
041 _arus
080 _a821.161.1
260 _aЛенинград
_bСоветский писатель
_c1990
650 7 _a82 Література. Літературознавство
_2UDC
999 _c382131
_d382131